|
|
|
|
| LEADER |
00000nab a2200000 a 4500 |
| 001 |
vtls000800397 |
| 003 |
SK-MaSNL |
| 005 |
20260304112331.0 |
| 008 |
250429c2002 xo 0 slo |
| 015 |
|
|
|a SNBRB2002/07-22738
|
| 035 |
|
|
|a CLN000152052
|
| 035 |
|
|
|a urn:nbn:sk:snk-abo4g
|
| 035 |
|
|
|a (urnnbn)urn:nbn:sk:snk:ar-a04we6
|
| 035 |
|
|
|a (uuid)fd3b037d-1687-4396-b1d3-4cde2b5dfbac
|
| 040 |
|
|
|a SNKBUCL
|b slo
|c SNKBUCL
|e AACR2
|
| 041 |
0 |
|
|a cze
|
| 044 |
|
|
|a xo
|c SK
|
| 080 |
|
|
|a 629.78
|2 1997
|
| 100 |
1 |
|
|a Přibyl, Tomáš,
|d 1975-
|4 aut
|9 233267
|
| 245 |
1 |
0 |
|a Připravované bezpilotní mise 2002
|c Tomáš Přibyl
|
| 648 |
|
7 |
|a 2002
|2 SNK
|9 299607
|
| 650 |
0 |
7 |
|a kozmonautika
|2 SNKPH
|9 23272
|
| 655 |
|
7 |
|a články z novín a časopisov
|2 SNK
|9 267496
|
| 773 |
0 |
|
|t Kozmos
|g Roč. 33, č. 2 (2002), s. 25
|x 0323-049X
|
| 850 |
|
|
|a Slovenská národná knižnica
|
| 852 |
|
|
|a Slovenská národná knižnica
|
| 954 |
|
|
|a odborná, vedecká literatúra cudzojazyčná (svetová)
|2 lita
|
| 958 |
|
|
|a article27
|
| 958 |
|
|
|a OND
|
| 958 |
|
|
|a EUIPO
|
| 999 |
|
|
|c 2865367
|d 2867297
|